=LDR 00000nam 2200000 4500 =001 INLIS000000000039840 =005 20130612145438 =008 ***********************************Ind** =035 ##$$0010-061300000039840 =041 ##$$a Ind =082 ##$$a 813 =090 ##$$a 813, Bro c.3 =100 ##$$a Child,Mauren =245 ##$$a Eternally, Hidup Abadi, Maureen Child =260 ##$$a 2010 $b Jakarta =300 ##$$a 272 hlm, 18 cm =700 ##$$a Fany Finalisya =850 ##$$a NBPNMAT